Teoría y metateoría de la educación
Gespeichert in:
| 1. Verfasser: | |
|---|---|
| Format: | Buch |
| Sprache: | Spanisch |
| Veröffentlicht: |
Ciudad de México
Trillas
1982
|
| Schlagworte: | |
| Tags: |
Tag hinzufügen
Keine Tags, Fügen Sie den ersten Tag hinzu!
|
MARC
| LEADER | 00000nam a2200000 a 4500 | ||
|---|---|---|---|
| 001 | UCY8182 | ||
| 003 | CL-VaPUC | ||
| 008 | 950623e19820212MX |||||||||||||||||spa|d | ||
| 082 | 0 | 4 | |a 370.1 |b COL |2 21 |
| 100 | 0 | |a Colom Cañellas, Antonio J |e author |9 339404 | |
| 245 | 1 | 0 | |a Teoría y metateoría de la educación |
| 300 | |a 229 p | ||
| 942 | |c BK | ||
| 945 | |d 19950623 00:00:00 |a lriquelm | ||
| 260 | |a Ciudad de México |b Trillas |c 1982 | ||
| 650 | 0 | |a Filosofía de la educación |9 258384 | |
| 650 | 0 | |a Pedagogía |9 255351 | |
| 650 | 0 | |a Metodología |9 256610 | |
| 650 | 0 | |a Cibernética |9 270269 | |
| 650 | 0 | |a Métodos de investigación |9 262618 | |
| 650 | 7 | |a SOCIOLOGIA DE LAS CIENCIAS |2 CL-VaPUC |9 339405 | |
| 650 | 0 | |a Epistemología |9 264994 | |
| 650 | 0 | |a Sistemas educacionales |9 324695 | |
| 650 | 0 | |a Teoría de la educación |9 309368 | |
| 583 | |a last modification |c 19950623 00:00:00 |k Rodrigo Vera | ||
| 999 | |c 235460 |d 235458 | ||
| 952 | |0 0 |1 0 |4 0 |6 370_100000000000000_COL_1982 |7 0 |8 P |9 242900 |a BIBEDU |b BIBEDU |c BIBEDU_PB |d 2019-11-18 |i 1518712 |o 370.1 COL 1982 |p 1518712 |r 2024-01-25 |w 2019-11-18 |y BK |k EDU | ||